[Event "Manitoba-ch"]
[Site "Winnipeg"]
[Date "2014.09.18"]
[Round "3"]
[White "Li, Kevin"]
[Black "Dawa, Arvin"]
[Result "1-0"]
[WhiteElo "2152"]
[BlackElo "2139"]
[PlyCount "67"]
[EventDate "2014.05.06"]
[EventType "k.o."]
[EventRounds "4"]
[EventCountry "CAN"]
[SourceTitle "EXT 2019"]
[Source "ChessBase"]
[SourceDate "2018.10.10"]
[SourceVersion "1"]
[SourceVersionDate "2018.10.10"]
[SourceQuality "1"]

1. c4 Nf6 2. Nf3 g6 3. g3 Bg7 4. Bg2 0-0 5. d4 d6 6. 0-0 c6 7. Nc3 Nbd7 8. h3 Qc7 9. Qc2 e5 10. Rd1 Re8 11. Be3 e4 12. Nd2 d5 13. Bf4 Qa5 14. Nb3 Qd8 15. cxd5 cxd5 16. Nb5 Re7 17. Nc7 Rb8 18. Nb5 Ra8 19. Bc7 Qe8 20. Bd6 Re6 21. Nc7 Qd8 22. Nxe6 fxe6 23. Rac1 Ne8 24. Bc7 Qf6 25. Bf4 g5 26. Be3 b6 27. Qc6 Rb8 28. f4 exf3 29. Bxf3 Qe7 30. Bg4 Nf8 31. Bxg5 Qf7 32. Rf1 Qg6 33. Bf4 Bd7 34. Qc2 1-0

[Event "Manitoba-ch"]
[Site "Winnipeg"]
[Date "2014.07.12"]
[Round "2"]
[White "Melamedoff, Gustavo"]
[Black "Dawa, Arvin"]
[Result "0-1"]
[WhiteElo "2008"]
[BlackElo "2139"]
[PlyCount "54"]
[EventDate "2014.05.06"]
[EventType "k.o."]
[EventRounds "4"]
[EventCountry "CAN"]
[SourceTitle "EXT 2019"]
[Source "ChessBase"]
[SourceDate "2018.10.10"]
[SourceVersion "1"]
[SourceVersionDate "2018.10.10"]
[SourceQuality "1"]

1. e4 c6 2. d4 d5 3. Nd2 dxe4 4. Nxe4 Nd7 5. Nf3 Ngf6 6. Ng3 e6 7. Bd3 Bd6 8. 0-0 0-0 9. Re1 c5 10. Bg5 h6 11. Ne4 Be7 12. Bxf6 Bxf6 13. Qe2 cxd4 14. Rad1 Re8 15. Nd6 Re7 16. Qe4 Nf8 17. Nc4 Rb8 18. Nce5 Qd5 19. Qf4 Bxe5 20. Nxe5 Qd6 21. Re4 Qc7 22. Rxd4 Ra8 23. Qg3 b5 24. Nc6 Rd7 25. Rxd7 Qxg3 26. Rd8 Qc7 27. Be4 Bb7 0-1

[Event "Winnipeg TNT March op"]
[Site "Winnipeg"]
[Date "2013.12.03"]
[Round "2"]
[White "Dawa, Arvin"]
[Black "Green, Aaron"]
[Result "1-0"]
[WhiteElo "2133"]
[BlackElo "2005"]
[PlyCount "91"]
[EventDate "2013.03.05"]
[EventType "swiss"]
[EventRounds "4"]
[EventCountry "CAN"]
[SourceTitle "EXT 2022"]
[Source "ChessBase"]
[SourceDate "2021.10.06"]
[SourceVersion "1"]
[SourceVersionDate "2021.10.06"]
[SourceQuality "1"]

1. d4 Nf6 2. Nf3 g6 3. c4 Bg7 4. Nc3 d6 5. e4 0-0 6. Be2 e5 7. 0-0 Nc6 8. d5 Ne7 9. Ne1 Ne8 10. Be3 f5 11. f3 f4 12. Bf2 g5 13. Rc1 Ng6 14. c5 Rf7 15. a4 h5 16. cxd6 cxd6 17. Nb5 a6 18. Na3 Nf6 19. Nc4 g4 20. a5 g3 21. hxg3 fxg3 22. Bxg3 h4 23. Bh2 Nh5 24. Nb6 Bh6 25. Rc3 Ngf4 26. Kf2 Ng3 27. Nxa8 Nfxe2 28. Ra3 Nxf1 29. Kxf1 Ng3+ 30. Bxg3 hxg3 31. Nb6 Bd7 32. Nxd7 Qxd7 33. Qd3 Rf8 34. b4 Rc8 35. Rc3 Kf7 36. Rxc8 Qxc8 37. Qc2 Qd7 38. Qc4 Bg5 39. Ke2 Qa4 40. Nc2 Qd7 41. Ne3 Bxe3 42. Kxe3 Qd8 43. f4 Kg7 44. Qe2 exf4+ 45. Kxf4 Qh4+ 46. Qg4+ 1-0

[Event "Winnipeg TNT January op"]
[Site "Winnipeg"]
[Date "2013.01.22"]
[Round "3"]
[White "Dawa, Arvin"]
[Black "Valentino, Marcos"]
[Result "0-1"]
[WhiteElo "2176"]
[BlackElo "2260"]
[PlyCount "90"]
[EventDate "2013.01.08"]
[EventType "swiss"]
[EventRounds "4"]
[EventCountry "CAN"]
[SourceTitle "EXT 2022"]
[Source "ChessBase"]
[SourceDate "2021.10.06"]
[SourceVersion "1"]
[SourceVersionDate "2021.10.06"]
[SourceQuality "1"]

1. d4 Nf6 2. c4 d6 3. Nc3 Nbd7 4. e4 c5 5. d5 g6 6. f4 Bg7 7. Nf3 0-0 8. Be2 a6 9. a4 Qc7 10. 0-0 Re8 11. Qc2 e6 12. dxe6 Rxe6 13. f5 Re8 14. fxg6 hxg6 15. Bf4 b6 16. Rad1 Bf8 17. Ng5 Bb7 18. Qd3 Ne5 19. Bxe5 Rxe5 20. Rxf6 Rxg5 21. Rdf1 Bg7 22. Rxf7 Bd4+ 23. Kh1 Qxf7 24. Rxf7 Kxf7 25. Qh3 Bc6 26. Qh7+ Bg7 27. Qh4 Re5 28. Bf3 Rh8 29. Qf4+ Bf6 30. Kg1 Ke7 31. h3 Bg5 32. Qg3 Be3+ 33. Kf1 g5 34. b3 Bf4 35. Qe1 Rf8 36. Ke2 Re6 37. Kd3 Be5 38. Nd5+ Bxd5 39. cxd5 Ref6 40. Qc1 Rf4 41. Qc4 Ra8 42. Ke2 Rff8 43. Bg4 Bd4 44. Bf5 Rfb8 45. Qc1 Bf6 0-1

[Event "Winnipeg TNT June op"]
[Site "Winnipeg"]
[Date "2010.06.22"]
[Round "4"]
[White "Dawa, Arvin"]
[Black "De Groot, Steven"]
[Result "1-0"]
[WhiteElo "2176"]
[BlackElo "1818"]
[PlyCount "33"]
[EventDate "2010.06.01"]
[EventType "swiss"]
[EventRounds "5"]
[EventCountry "CAN"]
[SourceTitle "EXT 2022"]
[Source "ChessBase"]
[SourceDate "2021.10.06"]
[SourceVersion "1"]
[SourceVersionDate "2021.10.06"]
[SourceQuality "1"]

1. d4 d5 2. c4 e6 3. Nc3 Nf6 4. Nf3 Be7 5. Bf4 0-0 6. e3 b6 7. cxd5 Nxd5 8. Nxd5 exd5 9. Be2 Ba6 10. 0-0 Bxe2 11. Qxe2 Nd7 12. Rfd1 Nf6 13. Qb5 a6 14. Qc6 Ra7 15. Rac1 Ne8 16. Ne5 f6 17. Qe6+ 1-0

[Event "Manitoba-ch"]
[Site "Winnipeg"]
[Date "2010.06.04"]
[Round "1.2"]
[White "Araullo, Paolo"]
[Black "Dawa, Arvin"]
[Result "0-1"]
[WhiteElo "2176"]
[BlackElo "2136"]
[PlyCount "74"]
[EventDate "2010.06.04"]
[EventType "swiss"]
[EventRounds "6"]
[EventCountry "CAN"]
[SourceTitle "EXT 2022"]
[Source "ChessBase"]
[SourceDate "2021.10.06"]
[SourceVersion "1"]
[SourceVersionDate "2021.10.06"]
[SourceQuality "1"]

1. e4 c6 2. Nf3 d5 3. Nc3 dxe4 4. Nxe4 Nd7 5. d4 Ngf6 6. Bd3 Nxe4 7. Bxe4 Nf6 8. Bd3 Bg4 9. c3 e6 10. 0-0 Be7 11. Re1 0-0 12. Bf4 Qb6 13. b3 Rfd8 14. Qe2 c5 15. dxc5 Bxc5 16. Rad1 Rd5 17. b4 Be7 18. Be3 Qc7 19. c4 Rd7 20. c5 a5 21. a3 axb4 22. axb4 Nd5 23. Bd2 Ra2 24. Qf1 Bf6 25. Bc4 Ra8 26. Bb5 Rdd8 27. Qc4 Bh5 28. g4 Ra3 29. gxh5 Rxf3 30. Qg4 Ra3 31. Bg5 Bxg5 32. Qxg5 Rh3 33. f4 h6 34. Qg4 Rb3 35. Rd2 Rxb4 36. Rg2 f5 37. Qg3 Rxb5 0-1

[Event "Winnipeg TNT April"]
[Site "Winnipeg"]
[Date "2010.04.20"]
[Round "3"]
[White "Dawa, Arvin"]
[Black "Green, Aaron"]
[Result "1-0"]
[WhiteElo "2106"]
[BlackElo "1972"]
[PlyCount "91"]
[EventDate "2010.04.06"]
[EventType "swiss"]
[EventRounds "4"]
[EventCountry "CAN"]
[SourceTitle "EXT 2019"]
[Source "ChessBase"]
[SourceDate "2018.10.10"]
[SourceVersion "1"]
[SourceVersionDate "2018.10.10"]
[SourceQuality "1"]

1. d4 Nf6 2. Nf3 g6 3. c4 Bg7 4. Nc3 0-0 5. g3 d6 6. Bg2 c6 7. 0-0 Nbd7 8. Qc2 Rb8 9. a4 e5 10. dxe5 dxe5 11. Rd1 Qc7 12. b4 b5 13. axb5 cxb5 14. c5 a6 15. h3 Bb7 16. e4 Rbd8 17. Bg5 h6 18. Be3 Nb8 19. Nh4 Nc6 20. Qb3 Kh7 21. Nd5 Nxd5 22. exd5 Nd4 23. Bxd4 exd4 24. d6 Qd7 25. Bxb7 Qxb7 26. Qf3 Qc8 27. Kg2 f5 28. Qd5 g5 29. Nf3 g4 30. hxg4 fxg4 31. Nxd4 Rf6 32. Ra2 Rd7 33. Re1 Rg6 34. Nf5 Qd8 35. Nxg7 Rgxg7 36. Rxa6 Rg5 37. Qe4+ Kg7 38. Qe8 Rf5 39. Qxd8 Rxd8 40. Rb6 h5 41. Rxb5 Rdf8 42. Re2 h4 43. gxh4 Rh5 44. Rb7+ Kg6 45. d7 Rhf5 46. c6 1-0

[Event "Winnipeg Mike Shpan Memorial"]
[Site "Winnipeg"]
[Date "2009.11.10"]
[Round "2"]
[White "Schulz, Waldemar"]
[Black "Dawa, Arvin"]
[Result "1/2-1/2"]
[WhiteElo "1972"]
[BlackElo "2107"]
[PlyCount "53"]
[EventDate "2009.11.03"]
[EventType "swiss"]
[EventRounds "6"]
[EventCountry "CAN"]
[SourceTitle "EXT 2011"]
[Source "ChessBase"]
[SourceDate "2010.11.26"]
[SourceVersion "1"]
[SourceVersionDate "2010.11.26"]
[SourceQuality "1"]

1. d4 Nf6 2. c4 g6 3. Nc3 Bg7 4. e4 d6 5. Nf3 0-0 6. Be2 e5 7. dxe5 dxe5 8. Qxd8 Rxd8 9. Bg5 Re8 10. 0-0 c6 11. Rad1 Na6 12. Rd6 Be6 13. Rfd1 h6 14. Bh4 g5 15. Bg3 Nc5 16. Bxe5 Ncxe4 17. Bxf6 Nxf6 18. R6d2 Bf5 19. h3 Re7 20. Nd4 Bg6 21. Bd3 Bxd3 22. Rxd3 Rd7 23. Nf5 Rad8 24. Rxd7 Rxd7 25. Rxd7 Nxd7 26. Nxg7 Kxg7 27. Kf1 1/2-1/2

[Event "Winnipeg TNT October op"]
[Site "Winnipeg"]
[Date "2009.10.20"]
[Round "3"]
[White "Dawa, Arvin"]
[Black "Boron, Anthony"]
[Result "1-0"]
[WhiteElo "2074"]
[BlackElo "1995"]
[PlyCount "65"]
[EventDate "2009.10.06"]
[EventType "swiss"]
[EventRounds "4"]
[EventCountry "CAN"]
[SourceTitle "EXT 2011"]
[Source "ChessBase"]
[SourceDate "2010.11.26"]
[SourceVersion "1"]
[SourceVersionDate "2010.11.26"]
[SourceQuality "1"]

1. d4 d5 2. Nf3 Nf6 3. Bg5 Ne4 4. Bf4 c5 5. e3 Qb6 6. Qc1 Nc6 7. c3 Bf5 8. Be2 Rc8 9. 0-0 cxd4 10. exd4 h6 11. Nbd2 g5 12. Be3 Bg7 13. Rd1 Nf6 14. h3 e6 15. Nb3 g4 16. Nh4 gxh3 17. Nxf5 exf5 18. gxh3 Rg8 19. Kh2 Ne4 20. Rg1 Ke7 21. f3 Nf6 22. Bd3 Nh5 23. Bxf5 Qc7+ 24. f4 Rce8 25. Qf1 Kf6 26. Qf3 Rxe3 27. Qxe3 Kxf5 28. Qd3+ Kf6 29. Raf1 Qc8 30. Qf3 Qf5 31. Rg5 Qxf4+ 32. Qxf4+ Nxf4 33. Rg4 1-0

[Event "Winnipeg TNT October op"]
[Site "Winnipeg"]
[Date "2009.10.13"]
[Round "2"]
[White "De Groot, Steven"]
[Black "Dawa, Arvin"]
[Result "0-1"]
[WhiteElo "1774"]
[BlackElo "2074"]
[PlyCount "54"]
[EventDate "2009.10.06"]
[EventType "swiss"]
[EventRounds "4"]
[EventCountry "CAN"]
[SourceTitle "EXT 2011"]
[Source "ChessBase"]
[SourceDate "2010.11.26"]
[SourceVersion "1"]
[SourceVersionDate "2010.11.26"]
[SourceQuality "1"]

1. e4 c6 2. d4 d5 3. e5 Bf5 4. h4 h6 5. g4 Bh7 6. Bd3 Bxd3 7. Qxd3 e6 8. f4 Qb6 9. Nf3 c5 10. c3 Nc6 11. h5 Rc8 12. a3 cxd4 13. b4 dxc3 14. Be3 c2 15. 0-0 cxb1Q 16. Rfxb1 Qd8 17. b5 Na5 18. b6 axb6 19. Rxb6 Nc4 20. Rxe6+ fxe6 21. Qg6+ Kd7 22. Nd4 Qe7 23. Rb1 Rc7 24. f5 Nxe3 25. Nxe6 Nf6 26. Rb6 Nc4 27. Rb5 Nxe5 0-1

[Event "Winnipeg TNT September op"]
[Site "Winnipeg"]
[Date "2009.09.29"]
[Round "4"]
[White "Dawa, Arvin"]
[Black "Green, Aaron"]
[Result "1/2-1/2"]
[WhiteElo "2072"]
[BlackElo "1901"]
[PlyCount "39"]
[EventDate "2009.09.01"]
[EventType "swiss"]
[EventRounds "4"]
[EventCountry "CAN"]
[SourceTitle "EXT 2011"]
[Source "ChessBase"]
[SourceDate "2010.11.26"]
[SourceVersion "1"]
[SourceVersionDate "2010.11.26"]
[SourceQuality "1"]

1. d4 Nf6 2. Nf3 g6 3. c4 Bg7 4. Nc3 0-0 5. e4 d6 6. Be2 e5 7. 0-0 Nc6 8. d5 Ne7 9. Ne1 Nd7 10. Be3 f5 11. f3 f4 12. Bf2 g5 13. Rc1 Ng6 14. b4 Nf6 15. c5 Rf7 16. a4 h5 17. cxd6 cxd6 18. Nb5 g4 19. Nd3 a6 20. Na3 1/2-1/2